[Event "Uru-ch 2020 Final"]
[Site "Montevideo"]
[Date "2021.08.22"]
[Round "9.1"]
[White "Michailov, Matias"]
[Black "Vazquez, Facundo"]
[Result "0-1"]
[WhiteElo "2249"]
[BlackElo "2199"]
[Annotator "TA"]
[PlyCount "64"]
[EventDate "2021.03.13"]
[EventType "swiss"]
[EventCountry "URU"]
[SourceTitle "playchess.com"]
[Source "ChessBase"]
[SourceQuality "1"]

{[%evp 21,64,7,4,-50,-66,-66,-41,-54,-51,-63,-21,-89,-26,-34,-41,-154,-61,-51,-71,-118,-68,-147,-161,-179,-131,-243,-218,-270,-262,-347,-312,-328,-334,-576,-585,-686,-677,-843,-782,-769,-744,-870,-843,-978,-953]} 1. d4 Nf6 2. c4 e6 3. Nf3 d5 4. g3 Bb4+ 5. Bd2 Be7 6. Bg2 O-O 7. O-O c6 8. Qc2 b6 9. Bf4 Bb7 10. Rd1 Nbd7 11. Nc3 dxc4 12. e4 (12. Nd2 $11) 12... b5 $15 13. Re1 Nb6 14. Rad1 {Black is slightly better.} a5 {[%cal Ba7a5,Ba5a4][%mdl 32]} 15. h4 b4 16. Ne2 (16. Nb1 $11) 16... h6 ({Black should try} 16... Ba6 $17) 17. Ne5 $11 a4 18. Bf3 {[#]} (18. Nxc4 $15 Nxc4 19. Qxc4) 18... b3 (18... a3 $1 $17 {And now ...axb2 would win.} 19. bxa3 Rxa3) 19. axb3 $15 cxb3 20. Qb1 Qe8 21. Kg2 (21. Qc1 $15) 21... Nfd7 $17 22. Ng4 f6 23. h5 {[#]} (23. Bxh6 $17 gxh6 24. Nf4) 23... Bb4 $1 $19 24. Rh1 c5 25. d5 Nc4 26. Bxh6 gxh6 27. dxe6 $2 (27. Qc1 Nde5 28. Nf4 Nxf3 29. Qxc4) 27... Nde5 {Black is clearly winning.} 28. Nxh6+ Kh7 29. Rd7+ {[#]} Qxd7 $1 {[%mdl 512]} 30. exd7 Nd2 31. Qc1 Nexf3 32. Nf5 Bxe4 {Weighted Error Value: White=0.67/Black=0.16} 0-1

[Event "Uru-ch 2020 Final"]
[Site "Montevideo"]
[Date "2021.08.22"]
[Round "9.2"]
[White "Lopez Azambuja, Nicolas"]
[Black "Hoffman, Alejandro"]
[Result "1-0"]
[WhiteElo "2303"]
[BlackElo "2459"]
[Annotator "RC"]
[PlyCount "89"]
[EventDate "2021.03.13"]
[EventType "swiss"]
[EventCountry "URU"]
[SourceTitle "playchess.com"]
[Source "ChessBase"]
[SourceQuality "1"]
[TimeControl "5400+30"]

1. d4 {[%emt 0:00:03]} Nf6 {[%emt 0:00:09]} 2. c4 {[%emt 0:00:10]} e6 {[%emt 0:00:09]} 3. Nc3 {[%emt 0:00:48]} d5 {[%emt 0:00:09]} 4. cxd5 {[%emt 0:00:12]} exd5 {[%emt 0:00:09]} 5. Bg5 {[%emt 0:00:10]} Be7 {[%emt 0:00:08]} 6. e3 {[%emt 0:00:18]} c6 {[%emt 0:00:07]} 7. Qc2 {[%emt 0:00:28]} Nbd7 {[%emt 0:00:08]} 8. Bd3 {[%emt 0:00:28]} Nh5 {[%emt 0:00:09]} 9. Bxe7 {[%emt 0:00:15]} Qxe7 {[%emt 0:00:07]} 10. Nge2 {[%emt 0:00:43]} Nb6 {[%emt 0:00:11]} 11. O-O {[%emt 0:01:10]} g6 {[%emt 0:00:29]} 12. Rae1 {[%emt 0:02:32]} O-O {[%emt 0:02:20]} 13. Nc1 {[%emt 0:01:52]} Be6 {[%emt 0:16:40]} 14. f3 {[%emt 0:06:01]} Rfe8 {[%emt 0:09:21]} 15. Qf2 {[%emt 0:04:50]} Rad8 {[%emt 0:05:43]} 16. Kh1 {[%emt 0:04:52]} c5 {[%emt 0:18:48]} 17. dxc5 {[%emt 0:11:02]} Qxc5 {[%emt 0:00:08]} 18. Nb3 {[%emt 0:01:05]} Qb4 {[%emt 0:00:38]} 19. Rd1 {[%emt 0:16:08]} Nc4 {[%emt 0:11:22]} 20. Bxc4 {[%emt 0:03:40]} dxc4 {[%emt 0:00:08]} 21. Nd4 {[%emt 0:00:24]} Qb6 {[%emt 0:06:10]} 22. Rd2 {[%emt 0:03:21]} f5 {[%emt 0:08:05]} 23. Rfd1 {[%emt 0:03:39]} Bf7 {[%emt 0:01:16]} 24. e4 {[%emt 0:13:24]} f4 {[%emt 0:11:53]} 25. g4 {[%emt 0:02:08]} fxg3 {[%emt 0:00:33]} 26. hxg3 {[%emt 0:02:17]} Nf6 {[%emt 0:00:54]} 27. Qe3 {[%emt 0:04:55]} Qc5 {[%emt 0:04:25]} 28. Nf5 {[%emt 0:01:49]} Qxe3 {[%emt 0:00:07]} 29. Nxe3 {[%emt 0:00:05]} Rxd2 {[%emt 0:00:06]} 30. Rxd2 {[%emt 0:00:03]} a6 {[%emt 0:00:06]} 31. Rd6 {[%emt 0:02:13]} Kg7 {[%emt 0:01:38]} 32. Kg2 {[%emt 0:00:45]} b5 {[%emt 0:02:05]} 33. a3 {[%emt 0:00:34]} Re6 {[%emt 0:00:29]} 34. Rd4 {[%emt 0:03:12]} h5 {[%emt 0:00:14]} 35. f4 {[%emt 0:00:53]} Rb6 {[%emt 0:00:59]} 36. e5 {[%emt 0:00:30]} Ng8 {[%emt 0:01:06]} 37. Rd7 {[%emt 0:00:53]} Kf8 {[%emt 0:00:06]} 38. Ned5 {[%emt 0:01:10]} Rb8 {[%emt 0:00:18]} 39. Nc7 {[%emt 0:02:15]} b4 {[%emt 0:00:19]} 40. axb4 {[%emt 0:02:51]} Rxb4 {[%emt 0:00:30]} 41. Ne4 {[%emt 0:05:17]} Rxb2+ {[%emt 0:00:31]} 42. Kf3 {[%emt 0:00:16]} Rb3+ {[%emt 0:00:49]} 43. Ke2 {[%emt 0:00:34]} Rd3 {[%emt 0:01:13]} 44. Nd6 {[%emt 0:00:39]} Bd5 {[%emt 0:00:53]} 45. Nxd5 {[%emt 0:00:20]} 1-0

[Event "Uru-ch 2020 Final"]
[Site "Montevideo"]
[Date "2021.08.22"]
[Round "9.4"]
[White "Dominguez, Facundo"]
[Black "Carbone, Diego"]
[Result "1/2-1/2"]
[WhiteElo "2165"]
[BlackElo "2234"]
[Annotator "TA"]
[PlyCount "79"]
[EventDate "2021.03.13"]
[EventType "swiss"]
[EventCountry "URU"]
[SourceTitle "playchess.com"]
[Source "ChessBase"]
[SourceQuality "1"]

{[%evp 21,79,-23,0,-32,27,-37,-43,-41,-45,-89,-14,-10,-14,-10,-12,-24,0,12,97,84,81,85,109,105,108,103,118,116,118,119,130,83,79,56,56,48,47,11,13,12,12,13,22,6,10,6,10,6,26,4,32,32,39,5,11,0,0,0,0,0]} 1. e4 e5 2. Nf3 Nc6 3. d4 exd4 4. Nxd4 Nf6 5. Nxc6 bxc6 6. e5 Qe7 7. Qe2 Nd5 8. c4 Ba6 9. b3 g6 10. Bb2 Bg7 11. Nd2 {[#]} O-O $1 12. Nf3 {[#]} (12. O-O-O Rae8) 12... d6 13. Qd2 (13. O-O-O $11) 13... Nb6 $15 {[%cal Rd6e5]} 14. O-O-O {[%cal Re5d6] Black is slightly better.} dxe5 15. Qa5 {[#]} Bb7 ({Black should play} 15... e4 $1 $17 16. Bxg7 Kxg7) 16. Bxe5 $11 Bh6+ 17. Kb1 c5 $1 {Threatens to win with ...Bxf3.} 18. Bb2 $1 Rad8 19. Bd3 Rxd3 20. Rxd3 $16 {And now Re1 would win.} Be4 21. Qc3 {[%csl Gb2][%cal Rc3h8]} f6 22. Re1 {aiming for Ka1.} Bxd3+ 23. Qxd3 Qf7 24. Ba3 Qd7 25. Qe4 Qd6 26. Qe6+ Rf7 27. Kc2 (27. Bb2 {is interesting.} Qd3+ 28. Ka1 Qd6 29. Bc3 Bf8 30. h3) 27... Bf8 28. Qxd6 (28. h3 {seems wilder.} Qxe6 29. Rxe6 Bd6 30. Bc1 Rf8 31. Nd2) 28... cxd6 29. Nd2 Re7 30. Rxe7 Bxe7 $11 {[%mdl 4096] Endgame KBN-KBN} 31. Ne4 Kf7 32. Kd3 Ke6 33. Bc1 h5 34. Nc3 a6 35. Ne4 g5 36. f4 g4 37. Ng3 (37. f5+ $5 Ke5 38. Bb2+ Kxf5 39. Ng3+ Kg6 40. Ke4 $11) 37... h4 $1 {[%cal Rh4g3] The position is equal.} 38. f5+ Ke5 39. Bb2+ Kf4 40. Bc1+ {Weighted Error Value: White=0.15/Black=0.17} 1/2-1/2

[Event "Uru-ch 2020 Final"]
[Site "Montevideo"]
[Date "2021.08.22"]
[Round "9.5"]
[White "Guerrero, Alvaro"]
[Black "Coppola, Claudio"]
[Result "0-1"]
[WhiteElo "2122"]
[BlackElo "2241"]
[Annotator "TA"]
[PlyCount "94"]
[EventDate "2021.03.13"]
[EventType "swiss"]
[EventCountry "URU"]
[SourceTitle "playchess.com"]
[Source "ChessBase"]
[SourceQuality "1"]

{[%evp 18,94,0,-13,0,-8,0,-14,-1,-20,25,0,-10,-57,-74,-96,-50,-70,-6,-54,-44,-37,-14,-14,0,3,67,0,23,0,37,42,74,0,54,25,51,0,39,0,115,0,150,-521,-516,-473,-479,-529,-283,-285,-279,-256,-110,-630,-534,-530,-531,-527,-531,-510,-489,-640,0,-761,-564,-29991,-29992,-29992,-29993,-29997,-10979,-5222,-5220,-29964,-29967,-29987,-29988,-29995,-29996]} 1. e4 c5 2. d3 Nc6 3. Nf3 g6 4. g3 Bg7 5. Bg2 e5 6. O-O Nge7 7. c3 d6 8. a3 O-O 9. Nbd2 h6 10. b4 a6 11. Qe2 Be6 12. Rd1 Qc7 {The position is equal.} 13. Rb1 Rae8 14. Nb3 cxb4 15. cxb4 f5 16. h3 Kh7 17. Kh2 Ng8 (17... Qd7 $15) 18. Nbd2 (18. Na5 $5) 18... Nf6 19. Bb2 d5 20. Rbc1 d4 21. exf5 gxf5 (21... Bxf5 $11 22. Re1 Be6) 22. Nh4 (22. a4 $1 $14) 22... Nd5 23. Re1 Qe7 24. Qh5 Qg5 25. Qe2 ({White should try} 25. Qxg5 $1 $16 hxg5 26. Nhf3) 25... Bg8 (25... Qe7 $11) 26. Ndf3 Qf6 {[#]} 27. Qc2 (27. Nxf5 $1 $14 Nf4 28. gxf4 Qxf5 29. Qe4 Qxe4 30. Rxe4) 27... Rc8 28. Qe2 {White wants to play Nxf5!} Nc3 (28... Rce8 $11 {remains equal.}) 29. Qd2 (29. Bxc3 $16 dxc3 30. Nxf5 $1) 29... e4 (29... Rcd8 $11) 30. Bxc3 $2 (30. dxe4 $16 {and life is bright.} Nxe4 31. Qf4 Nxf2 32. Rxc6 $1 Rxc6 33. Bxd4 {[%mdl 64] Double Attack}) 30... dxc3 $19 31. Qf4 exf3 32. Bxf3 Rce8 33. Rxe8 Rxe8 34. Rxc3 Qg5 ({Weaker is} 34... Qxc3 35. Qxf5+ Kh8 36. Ng6+ Kh7 37. Nh4+ Kh8 38. Ng6+ Kh7 39. Nh4+ $11) (34... Nd4 $19 {and Black stays clearly on top.} 35. Bh5 Rf8) 35. Qc7 $2 {[%mdl 8192]} (35. Rc5 $17) 35... Re7 36. Rxc6 Rxc7 37. Rxc7 {If only White now had time for Nxf5!...} Qd8 38. Rxb7 Qxd3 {aiming for ...Qf1.} 39. Re7 Bd5 $2 (39... Qf1 $19 40. Bg2 Qxf2 41. Nxf5 {[#]} Kh8 $1) 40. Be2 $2 {[%mdl 8192]} (40. Rd7 $11) 40... Qb1 {[%csl Gd5][%cal Rb1h1]} 41. g4 Qh1+ 42. Kg3 Qg1+ 43. Kf4 Qxf2+ (43... Qc1+ $142 44. Re3 Qc7+ 45. Kxf5 Qf7#) 44. Nf3 fxg4 45. hxg4 Kg6 {Black mates.} 46. Bd3+ Kf6 {[%csl Gd5][%cal Rf2f3]} 47. Re3 Bf8 {Weighted Error Value: White=1.04/Black=0.59} 0-1